00213nam a2200085Ia 4500008004100000100002300041245002800064260002300092260001200115180219s9999 xx 000 0 und d aSaxena N R Swaroop 0aPrinciples Of Education a"R.Lall Book Depot cMeerut"